000
00323nam a22001457a 4500
020
_a
81-7167-928-5
082
_a
823
_b
BUC/T
100
_a
BUCHAN, JOHN
245
_a
THE THIRTY-NINE STEPS
260
_a
NEW DELHI
_b
RUPA CO.
_c
2002
300
_a
133
520
_a
CHILDRENS NOVEL
650
_a
CHILDRENS NOVEL
942
_c
BK
999
_c
5719
_d
5719